书目信息 |
| 题名: |
2007古董拍卖年鉴
|
|
| 作者: | 《古董拍卖年鉴》编委会编 | |
| 分册: | 玉器卷 | |
| 出版信息: | 长春 吉林出版集团有限责任公司 2007 |
|
| 页数: | 159页 | |
| 开本: | 26cm | |
| 丛书名: | ||
| 单 册: | ||
| 中图分类: | F724.787-54 , K876.82 , F724.59-54 | |
| 科图分类: | ||
| 主题词: | 历史文物--拍卖--价格--中国--2007--图录--年鉴 , 古玉器--拍卖--价格--中国--2007--图录--年鉴 | |
| 电子资源: | ||
| ISBN: | 978-7-80720-654-5 | |
| 000 | 00968nam0 2200265 450 | |
| 001 | 012007031832 | |
| 005 | 20070801165503.96 | |
| 010 | @a978-7-80720-654-5@dCNY78.00@z7-80720-654-3 | |
| 100 | @a20070429d2007 em y0chiy0110 ea | |
| 101 | 0 | @achi |
| 102 | @aCN@b220000 | |
| 105 | @aa igz 000yy | |
| 200 | 1 | @a2007古董拍卖年鉴@92007 gu dong pai mai nian jian@i玉器卷@f《古董拍卖年鉴》编委会编 |
| 210 | @a长春@c吉林出版集团有限责任公司@d2007 | |
| 215 | @a159页@d26cm | |
| 300 | @a2006年度最新拍卖成交记录 | |
| 330 | @a本书对高古玉、装饰玉、观赏陈设玉、仿古玉、礼仪玉、玉器具、玉料进行了介绍,内容包括器物年代、尺寸、估价与成交价。 | |
| 510 | 1 | @a2007 antiques Chinese arts auction records@zeng |
| 606 | 0 | @a历史文物@x拍卖@x价格@y中国@z2007@j图录@j年鉴 |
| 606 | 0 | @a古玉器@x拍卖@x价格@y中国@z2007@j图录@j年鉴 |
| 690 | @aF724.787-54@v4 | |
| 690 | @aK876.82@v4 | |
| 690 | @aF724.59-54@v4 | |
| 801 | 0 | @aCN@bRENTIAN@c20070801 |
| 905 | @a10447@dF724.59-54@e47 | |
| 2007古董拍卖年鉴.玉器卷/《古董拍卖年鉴》编委会编.-长春:吉林出版集团有限责任公司,2007 |
| 159页;26cm |
| 2006年度最新拍卖成交记录 |
| ISBN 978-7-80720-654-5:CNY78.00 |
| 本书对高古玉、装饰玉、观赏陈设玉、仿古玉、礼仪玉、玉器具、玉料进行了介绍,内容包括器物年代、尺寸、估价与成交价。 |
| ● |
| 相关链接 |
|
|
|
|
正题名:2007古董拍卖年鉴
索取号:F724.59-54/47
 
预约/预借
| 序号 | 登录号 | 条形码 | 馆藏地/架位号 | 状态 | 备注 |
| 1 | 0800435 | 208004354 | 第一样本阅览室/ [索取号:F724.59-54/47] | 在馆 | |
| 2 | 0800436 | 208004363 | 第一借阅区/ [索取号:F724.59-54/47] | 在馆 | |
| 3 | 0800437 | 208004372 | 第一借阅区/ [索取号:F724.59-54/47] | 在馆 | |
| 4 | 0800438 | 208004381 | 第一借阅区/ [索取号:F724.59-54/47] | 在馆 | |
| 5 | 0800439 | 208004390 | 第一借阅区/ [索取号:F724.59-54/47] | 在馆 |